000 00694cam a22002291 4500
001 ca 36001024
003 DLC
005 20260227111142.0
008 780316s1928 ilua 000 0 eng
010 _aca 36001024
035 _a(OCoLC)3722524
040 _aDLC
_cAzFU
_dAzFU
_dOCoLC
_dDLC
042 _apremarc
050 0 0 _aPN6120.C5
_bC45
082 _a791.6
100 1 _aChristensen, Mayme
245 1 0 _aChristmas windows,
_ba pantomime play for children,
_cby Mayme Christensen and Flora M. Frick.
260 _aChicago,
_bThe Dramatic Publishing co.
_c[c1928]
300 _a23 p.
_billus., diagrs.
_c19 cm.
650 0 _aChristmas plays.
700 1 _aFrick, Flora M.,
_ejoint author.
999 _c18180
_d18180